NFL - 2025 Buffalo Bills Roster - Statistics

General Stats
  • This quiz has been taken 298 times
  • The average score is 14 of 23
Answer Stats
Hint Answer % Correct
QB Josh Allen
100%
RB James Cook
97%
WR Khalil Shakir
92%
WR Keon Coleman
91%
TE Dawson Knox
90%
TE Dalton Kincaid
89%
LT Dion Dawkins
74%
FS Damar Hamlin
72%
LB Matt Milano
68%
DT Ed Oliver
59%
WR Mack Hollins
57%
C Connor McGovern
53%
DE Greg Rousseau
53%
SS Taylor Rapp
53%
CB Christian Benford
52%
NB Taron Johnson
52%
RT Spencer Brown
48%
MLB Terrel Bernard
48%
DT Daquan Jones
38%
DE AJ Epenesa
37%
RG O´Cyrus Torrence
37%
CB Rasul Douglas
37%
LG David Edwards
33%
No matching quizzes found
Score Distribution
Percent of People with Each Score
Percentile by Number Answered
Your Score History
You have not taken this quiz